[Event "Mexican op 69th"]
[Site "Mexico City"]
[Date "2024.03.26"]
[Round "1"]
[White "Ibarra Chami, Luis Fernando"]
[Black "Vega Lezama, Maximo Fernando"]
[Result "1-0"]
[WhiteElo "2431"]
[BlackElo "1909"]
[PlyCount "75"]
[EventDate "2024.03.26"]
[EventType "swiss"]
[EventRounds "9"]
[EventCountry "MEX"]
[SourceTitle "CBM 219 Extra"]
[Source "ChessBase"]
[SourceDate "2024.05.31"]
[SourceVersion "1"]
[SourceVersionDate "2024.05.31"]
[SourceQuality "1"]

1. c4 Nf6 2. Nc3 c5 3. e4 d6 4. g3 Nc6 5. Bg2 g6 6. Nge2 Bg7 7. d3 0-0 8. 0-0 Bd7 9. h3 Qc8 10. Kh2 Ne8 11. Be3 Nc7 12. d4 cxd4 13. Nxd4 Ne6 14. Nde2 Ne5 15. b3 Qd8 16. Qd2 Re8 17. Rfd1 Bc6 18. f4 Nd7 19. b4 Nb6 20. Qd3 Na4 21. Rab1 Nxc3 22. Nxc3 b6 23. Nd5 Nc7 24. Rd2 Nxd5 25. cxd5 Bb7 26. Qa3 Qd7 27. h4 Qb5 28. Bf1 Qd7 29. Rc1 f5 30. exf5 gxf5 31. Qd3 Rac8 32. Rxc8 Rxc8 33. Bd4 Bxd4 34. Qxd4 Rc1 35. Bh3 e5 36. fxe5 dxe5 37. Qxe5 Bc8 38. Rf2 1-0

[Event "Carlos Torre Memorial op 33rd"]
[Site "Merida"]
[Date "2023.12.15"]
[Round "1"]
[White "Griffith, Kyron"]
[Black "Vega Lezama, Maximo Fernando"]
[Result "1-0"]
[WhiteElo "2335"]
[BlackElo "1845"]
[PlyCount "88"]
[EventDate "2023.12.15"]
[EventType "swiss"]
[EventRounds "9"]
[EventCountry "MEX"]
[SourceTitle "CBM 217 Extra"]
[Source "ChessBase"]
[SourceDate "2024.01.31"]
[SourceVersion "1"]
[SourceVersionDate "2024.01.31"]
[SourceQuality "1"]

1. c4 Nf6 2. g3 e5 3. Bg2 Be7 4. Nc3 c6 5. Nf3 d6 6. 0-0 Be6 7. b3 Qc8 8. d4 Nbd7 9. e4 Bg4 10. Bb2 Nf8 11. Qd2 Ng6 12. Rfe1 Bh3 13. Qd3 h5 14. Qf1 Bxg2 15. Qxg2 h4 16. Ne2 h3 17. Qh1 Ng4 18. c5 f6 19. cxd6 Bxd6 20. Rad1 Be7 21. Nd2 0-0 22. Rf1 f5 23. exf5 Qxf5 24. Qe4 Rad8 25. Qxf5 Rxf5 26. Ne4 exd4 27. Bxd4 Ra5 28. a4 b6 29. f3 Nh6 30. Rc1 Rad5 31. Rxc6 Nf8 32. Rc7 Ne6 33. Rxe7 Nxd4 34. Nxd4 Rxd4 35. Rxa7 Rb4 36. Ng5 Re8 37. Nxh3 Rxb3 38. Nf4 Nf5 39. Rf2 Re1+ 40. Kg2 Rbb1 41. Rd2 Kh7 42. Nh5 Re6 43. Nf4 Ne3+ 44. Kf2 Rf1+ 1-0

[Event "Mexican op 66th"]
[Site "Villahermosa"]
[Date "2021.08.07"]
[Round "6"]
[White "Vega Lezama, Maximo Fernando"]
[Black "Garcia Nevarez, Moises Omar"]
[Result "0-1"]
[WhiteElo "1898"]
[BlackElo "2029"]
[PlyCount "92"]
[EventDate "2021.08.04"]
[EventType "swiss"]
[EventRounds "8"]
[EventCountry "MEX"]
[SourceTitle "CBM 203 Extra"]
[Source "ChessBase"]
[SourceDate "2021.09.30"]
[SourceVersion "1"]
[SourceVersionDate "2021.09.30"]
[SourceQuality "1"]

1. d4 Nf6 2. Nd2 d5 3. e3 Bf5 4. Bd3 Bg6 5. Ne2 Nbd7 6. f4 e6 7. 0-0 Bd6 8. h3 Qe7 9. Nf3 Ne4 10. Bd2 c5 11. Bxe4 Bxe4 12. Bc3 c4 13. Ne5 0-0 14. Ng3 Nf6 15. Nh1 b5 16. Be1 Bxe5 17. fxe5 Nd7 18. Ng3 Bg6 19. Ba5 Qg5 20. Qf3 f6 21. Qf4 Qxf4 22. exf4 fxe5 23. fxe5 Bxc2 24. Bb4 Rxf1+ 25. Rxf1 Bd3 26. Rf2 a5 27. Bd6 Rc8 28. a3 Nb8 29. Nh5 Nc6 30. Nf4 Nxd4 31. Nxd3 cxd3 32. Rd2 Rc1+ 33. Kh2 Nf3+ 34. gxf3 Rc2 35. Rg2 Rxg2+ 36. Kxg2 d2 37. b4 axb4 38. axb4 d1Q 39. Kg3 Qd4 40. h4 Kf7 41. Kh3 Qf4 42. h5 Qxf3+ 43. Kh4 Qg2 44. h6 g5+ 45. Kh5 Qg3 46. Bb8 Qh4# 0-1